00325pab a2200121 454500008004000000100001800040245006700058260000900125300001100134362001100145650002700156773002000183180718b2014 xxu||||| |||| 00| 0 eng d aRaju, R Satya aGlobal economy: sustainability of industry institute interface c2014 ap.6-9. a29 Sep aIndustry and education aUniversity News